|
|
|
|
| LEADER |
01437nam a2200385 i 4500 |
| 001 |
EBC4819509 |
| 003 |
MiAaPQ |
| 005 |
20200520144314.0 |
| 006 |
m o d | |
| 007 |
cr cnu|||||||| |
| 008 |
180905s2017 xx o 000 0 spa d |
| 020 |
|
|
|a 9781507173862
|q (electronic bk.)
|
| 035 |
|
|
|a (MiAaPQ)EBC4819509
|
| 035 |
|
|
|a (Au-PeEL)EBL4819509
|
| 035 |
|
|
|a (CaPaEBR)ebr11358225
|
| 035 |
|
|
|a (OCoLC)979169531
|
| 040 |
|
|
|a MiAaPQ
|b eng
|e rda
|e pn
|c MiAaPQ
|d MiAaPQ
|
| 050 |
|
4 |
|a QP37
|b .R653 2017
|
| 082 |
0 |
|
|a 571
|2 23
|
| 100 |
1 |
|
|a Roland, Ethan,
|e author.
|
| 245 |
1 |
2 |
|a L'impresa rigenerativa /
|c Ethan Roland, Gregory Landua ; traduzione di Letizia Pipero.
|
| 264 |
|
1 |
|a [Place of publication not identified] :
|b [publisher not identified],
|c [2017]
|
| 264 |
|
4 |
|c 2017
|
| 300 |
|
|
|a 1 online resource (49 pages)
|
| 336 |
|
|
|a text
|b txt
|2 rdacontent
|
| 337 |
|
|
|a computer
|b c
|2 rdamedia
|
| 338 |
|
|
|a online resource
|b cr
|2 rdacarrier
|
| 588 |
|
|
|a Description based on print version record.
|
| 590 |
|
|
|a Electronic reproduction. Ann Arbor, MI : ProQuest, 2018. Available via World Wide Web. Access may be limited to ProQuest affiliated libraries.
|
| 650 |
|
0 |
|a Regeneration.
|
| 655 |
|
4 |
|a Electronic books.
|
| 700 |
1 |
|
|a Landua, Gregory,
|e author.
|
| 700 |
1 |
|
|a Pipero, L.,
|e translator.
|
| 797 |
2 |
|
|a ProQuest (Firm)
|
| 856 |
4 |
0 |
|u https://ebookcentral.proquest.com/lib/matrademy/detail.action?docID=4819509
|z Click to View
|